[Event "Graz op-A"]
[Site "Graz"]
[Date "2020.02.18"]
[Round "6"]
[White "Yeritsyan, Aram"]
[Black "Socko, Monika"]
[Result "0-1"]
[WhiteElo "2283"]
[BlackElo "2419"]
[PlyCount "118"]
[EventDate "2020.02.14"]
[EventType "swiss"]
[EventRounds "9"]
[EventCountry "AUT"]
[SourceTitle "CBM 195 Extra"]
[Source "ChessBase"]
[SourceDate "2020.05.31"]
[SourceVersion "1"]
[SourceVersionDate "2020.05.31"]
[SourceQuality "1"]

1. e4 c6 2. d4 d5 3. exd5 cxd5 4. Bd3 Nc6 5. c3 g6 6. Bf4 Bh6 7. Ne2 Bxf4 8. Nxf4 Qd6 9. Qf3 Nf6 10. 0-0 0-0 11. Nd2 e5 12. dxe5 Nxe5 13. Qg3 Nxd3 14. Nxd3 Qb6 15. Nb3 Bf5 16. Rfe1 Rfe8 17. Rxe8+ Rxe8 18. Re1 Rxe1+ 19. Nxe1 Bb1 20. Qb8+ Kg7 21. Qe5 Bxa2 22. Nd4 Qd8 23. Nef3 Qe8 24. Qc7 Qd7 25. Qe5 Bb1 26. h3 h6 27. Qb8 a6 28. Ne5 Qe7 29. f3 Ne8 30. f4 Nd6 31. Kh2 Nc4 32. Nxc4 dxc4 33. Qc8 Bd3 34. Nf3 Qf6 35. Kg3 b5 36. Qb8 g5 37. Nd4 Be4 38. Qe5 gxf4+ 39. Qxf4 Qxf4+ 40. Kxf4 Bxg2 41. Nf5+ Kf6 42. h4 Bh3 43. Nd4 Bd7 44. Nf3 a5 45. Ne5 Ke6 46. Ng4 h5 47. Ne3 f6 48. Nf5 Kd5 49. Ng3 Bg4 50. Ne4 f5 51. Nd2 b4 52. Ke3 bxc3 53. bxc3 a4 54. Nb1 Ke5 55. Na3 f4+ 56. Kf2 Be6 57. Kf3 Bd5+ 58. Kf2 Ke4 59. Ke2 f3+ 0-1

[Event "Graz op-A"]
[Site "Graz"]
[Date "2020.02.17"]
[Round "4"]
[White "Barp, Alberto"]
[Black "Yeritsyan, Aram"]
[Result "1/2-1/2"]
[WhiteElo "2368"]
[BlackElo "2283"]
[PlyCount "109"]
[EventDate "2020.02.14"]
[EventType "swiss"]
[EventRounds "9"]
[EventCountry "AUT"]
[SourceTitle "CBM 195 Extra"]
[Source "ChessBase"]
[SourceDate "2020.05.31"]
[SourceVersion "1"]
[SourceVersionDate "2020.05.31"]
[SourceQuality "1"]

1. d4 d5 2. c4 c6 3. Nf3 Nf6 4. Qb3 dxc4 5. Qxc4 Bf5 6. g3 e6 7. Bg2 Be7 8. 0-0 0-0 9. Qb3 Qb6 10. Nbd2 Nbd7 11. Nc4 Qa6 12. Bf4 Nb6 13. Bd6 Bxd6 14. Nxd6 Bg6 15. Rfc1 Rfd8 16. Nc4 Be4 17. e3 Nxc4 18. Qxc4 Qxc4 19. Rxc4 a5 20. Ne5 Bd5 21. Rc3 Bxg2 22. Kxg2 a4 23. Rac1 Rd5 24. Ra3 Rda5 25. Nd3 Nd7 26. Rc4 R8a7 27. Kf3 Kf8 28. Ke2 Ke7 29. Kd2 Nb6 30. Rc2 Nd7 31. h4 h5 32. Nc5 Nxc5 33. Rxc5 Kd6 34. b4 Rxc5 35. dxc5+ Kc7 36. Rd3 b6 37. cxb6+ Kxb6 38. Rd8 c5 39. Rb8+ Kc7 40. Rb5 cxb4 41. Rxb4 Kc6 42. Kc3 Kc5 43. a3 g6 44. Re4 Kd5 45. Rc4 e5 46. e4+ Kd6 47. Kd3 f5 48. Ke3 Ra5 49. Rb4 Ra6 50. f3 Ke6 51. f4 exf4+ 52. Kxf4 fxe4 53. Kxe4 Kf6 54. Kf4 Ra5 55. g4 1/2-1/2

[Event "Moscow-ch U19"]
[Site "Moscow"]
[Date "2019.11.26"]
[Round "9"]
[White "Gurvich, Vitaly"]
[Black "Yeritsyan, Aram"]
[Result "0-1"]
[WhiteElo "2265"]
[BlackElo "2276"]
[PlyCount "91"]
[EventDate "2019.11.18"]
[EventType "swiss"]
[EventRounds "9"]
[EventCountry "RUS"]
[SourceTitle "CBM 193 Extra"]
[Source "ChessBase"]
[SourceDate "2020.01.31"]
[SourceVersion "1"]
[SourceVersionDate "2020.01.31"]
[SourceQuality "1"]

1. c4 c6 2. Nf3 d5 3. e3 Nf6 4. b3 Bg4 5. Bb2 Nbd7 6. Be2 e6 7. h3 Bxf3 8. Bxf3 Bd6 9. Nc3 0-0 10. 0-0 Qe7 11. Rb1 a6 12. d4 Ba3 13. Ba1 Bb4 14. Qc2 Rac8 15. e4 Bxc3 16. Bxc3 dxe4 17. Bxe4 Nxe4 18. Qxe4 b5 19. Rfe1 Nf6 20. Qe2 Rfd8 21. Red1 h6 22. Ba5 Rd7 23. Rbc1 Rb7 24. Qe1 bxc4 25. Rc2 c3 26. Rxc3 Nd5 27. Rc4 Qd7 28. Rdc1 Rb5 29. Qe4 Ne7 30. Bd2 Nd5 31. Be3 Qb7 32. Rc5 Ne7 33. Bd2 Rd8 34. b4 Nd5 35. Bc3 Rd7 36. a3 Rxc5 37. Bd2 Rc4 38. Rxc4 Ne7 39. Rc5 Rd5 40. Be3 Rxc5 41. Qc2 Qb5 42. dxc5 Nd5 43. Bd4 Qc4 44. Qe4 Qc1+ 45. Kh2 f6 46. Be5 0-1

[Event "RUS-chT rapid"]
[Site "Sochi"]
[Date "2019.10.19"]
[Round "9.4"]
[White "Yeritsyan, Aram"]
[Black "Savitskiy, Sergey"]
[Result "1/2-1/2"]
[WhiteElo "2271"]
[BlackElo "2407"]
[PlyCount "88"]
[EventDate "2019.10.18"]
[EventType "team-swiss (rapid)"]
[EventRounds "9"]
[EventCountry "RUS"]
[SourceTitle "CBM 192 Extra"]
[Source "Chessbase"]
[SourceDate "2019.11.06"]
[SourceVersion "1"]
[SourceVersionDate "2019.11.06"]
[SourceQuality "1"]
[WhiteTeam "Moscow St Petersburg"]
[BlackTeam "Yamal Nenets Region"]
[WhiteTeamCountry "RUS"]
[BlackTeamCountry "RUS"]

1. e4 c5 2. Nf3 d6 3. d4 cxd4 4. Nxd4 Nf6 5. f3 Nc6 6. c4 Nxd4 7. Qxd4 g6 8. Be3 Bg7 9. Nc3 0-0 10. Qd2 Be6 11. Be2 Qa5 12. Rc1 Rfc8 13. Nd5 Qxd2+ 14. Kxd2 Nxd5 15. cxd5 Bd7 16. b3 Bb2 17. Rxc8+ Rxc8 18. Rb1 Bc3+ 19. Kd1 Be5 20. f4 Bg7 21. Rc1 Rxc1+ 22. Kxc1 a6 23. g4 e6 24. dxe6 fxe6 25. Kd2 Kf7 26. a4 Bc6 27. Kd3 Bh6 28. h4 e5 29. g5 exf4 30. gxh6 fxe3 31. Kxe3 Bd7 32. Kf4 a5 33. e5 Ke7 34. h5 dxe5+ 35. Kxe5 gxh5 36. Bxh5 b5 37. axb5 Bxb5 38. Bg6 a4 39. Bxh7 Kf7 40. b4 a3 41. Bb1 Bc4 42. Kd6 a2 43. Bxa2 Bxa2 44. b5 Bc4 1/2-1/2

[Event "RUS-chT rapid"]
[Site "Sochi"]
[Date "2019.10.18"]
[Round "5.4"]
[White "Yeritsyan, Aram"]
[Black "Rozum, Ivan"]
[Result "0-1"]
[WhiteElo "2271"]
[BlackElo "2599"]
[PlyCount "62"]
[EventDate "2019.10.18"]
[EventType "team-swiss (rapid)"]
[EventRounds "9"]
[EventCountry "RUS"]
[SourceTitle "CBM 192 Extra"]
[Source "Chessbase"]
[SourceDate "2019.11.06"]
[SourceVersion "1"]
[SourceVersionDate "2019.11.06"]
[SourceQuality "1"]
[WhiteTeam "Moscow St Petersburg"]
[BlackTeam "SSHOR Vityaz (Vologda)"]
[WhiteTeamCountry "RUS"]
[BlackTeamCountry "RUS"]

1. e4 c6 2. d4 d5 3. e5 Bf5 4. h4 h5 5. Bd3 Bxd3 6. Qxd3 Qa5+ 7. Nd2 e6 8. Ngf3 Nh6 9. 0-0 Nf5 10. c4 Be7 11. g3 Qa6 12. b3 c5 13. dxc5 Bxc5 14. Kg2 Nc6 15. Bb2 Rd8 16. Qe2 0-0 17. Rfe1 Nb4 18. Ng5 g6 19. cxd5 Nd3 20. Nde4 Bb4 21. Nf6+ Kh8 22. d6 Bxe1 23. Rxe1 Rc8 24. d7 Rc2 25. d8Q Rxd8 26. Nxf7+ Kg7 27. Nxd8 Rxe2 28. Rxe2 Nf4+ 29. gxf4 Qxe2 30. Nxe6+ Kh8 31. Bd4 Qa6 0-1

[Event "RUS-ch blitz"]
[Site "Sochi"]
[Date "2019.10.17"]
[Round "4"]
[White "Potapov, Pavel"]
[Black "Yeritsyan, Aram"]
[Result "1/2-1/2"]
[WhiteElo "2489"]
[BlackElo "2271"]
[PlyCount "93"]
[EventDate "2019.10.17"]
[EventType "swiss (blitz)"]
[EventRounds "15"]
[EventCountry "RUS"]
[SourceTitle "CBM 192 Extra"]
[Source "Chessbase"]
[SourceDate "2019.11.06"]
[SourceVersion "1"]
[SourceVersionDate "2019.11.06"]
[SourceQuality "1"]

1. f4 Nf6 2. Nf3 c5 3. g3 g6 4. Bg2 Bg7 5. d3 d6 6. 0-0 0-0 7. e4 Nc6 8. c3 Rb8 9. a4 a6 10. h3 b5 11. axb5 axb5 12. g4 Qc7 13. Qc2 Bb7 14. Be3 Nd7 15. Nbd2 b4 16. Nc4 Nb6 17. Nxb6 Qxb6 18. Kh1 Ra8 19. Nd2 Rxa1 20. Rxa1 Ra8 21. Rxa8+ Bxa8 22. Nc4 Qa6 23. Bd2 Qa2 24. Qc1 Bb7 25. e5 dxe5 26. fxe5 bxc3 27. Bxc3 Nd8 28. Bxb7 Nxb7 29. Qe3 Qa6 30. Qe4 Nd8 31. Kh2 h6 32. Qd5 Ne6 33. Qe4 Qb5 34. Qa8+ Kh7 35. Qf3 Ng5 36. Qg2 Qd7 37. Qe2 Qd5 38. Nd2 Ne6 39. Qe4 Qd7 40. Qf3 Ng5 41. Qe2 Qd5 42. h4 Ne6 43. Qe4 Qd7 44. Nc4 Kg8 45. Qa8+ Kh7 46. Qe4 Kg8 47. Qa8+ 1/2-1/2

[Event "RUS-ch blitz"]
[Site "Sochi"]
[Date "2019.10.17"]
[Round "3"]
[White "Yeritsyan, Aram"]
[Black "Gutenev, Alexander"]
[Result "0-1"]
[WhiteElo "2271"]
[BlackElo "2469"]
[PlyCount "88"]
[EventDate "2019.10.17"]
[EventType "swiss (blitz)"]
[EventRounds "15"]
[EventCountry "RUS"]
[SourceTitle "CBM 192 Extra"]
[Source "Chessbase"]
[SourceDate "2019.11.06"]
[SourceVersion "1"]
[SourceVersionDate "2019.11.06"]
[SourceQuality "1"]

1. e4 c5 2. Nf3 Nc6 3. Nc3 d6 4. Bb5 e5 5. d3 Nf6 6. h3 h6 7. a3 Be7 8. 0-0 0-0 9. Rb1 a6 10. Bc4 b5 11. Ba2 Be6 12. Nd5 Rc8 13. Re1 Nd4 14. c3 Nxf3+ 15. Qxf3 Bxd5 16. exd5 Nd7 17. Bd2 Bg5 18. Rbd1 f5 19. Bb1 Bxd2 20. Rxd2 Qg5 21. Rde2 Rf6 22. Qe3 Qh4 23. Kh2 Rcf8 24. g3 Qh5 25. f4 g5 26. Bc2 Kh8 27. Bd1 Qg6 28. Rg2 Rg8 29. Bf3 Rf7 30. fxg5 hxg5 31. g4 Nf6 32. gxf5 Qxf5 33. Be4 Qf4+ 34. Qxf4 gxf4 35. Bf3 Rfg7 36. Reg1 c4 37. dxc4 bxc4 38. Be2 Rxg2+ 39. Rxg2 Rxg2+ 40. Kxg2 Nxd5 41. Kf3 Ne3 42. Ke4 Kg7 43. h4 Kf6 44. a4 d5+ 0-1

[Event "RUS-ch blitz"]
[Site "Sochi"]
[Date "2019.10.17"]
[Round "5"]
[White "Yeritsyan, Aram"]
[Black "Savchenko, Boris"]
[Result "1-0"]
[WhiteElo "2271"]
[BlackElo "2581"]
[PlyCount "67"]
[EventDate "2019.10.17"]
[EventType "swiss (blitz)"]
[EventRounds "15"]
[EventCountry "RUS"]
[SourceTitle "CBM 192 Extra"]
[Source "Chessbase"]
[SourceDate "2019.11.06"]
[SourceVersion "1"]
[SourceVersionDate "2019.11.06"]
[SourceQuality "1"]

1. e4 c5 2. Nf3 e6 3. d4 cxd4 4. Nxd4 Nf6 5. Nc3 d6 6. g4 h6 7. h4 a6 8. Rg1 h5 9. gxh5 Rxh5 10. Bg5 Rh7 11. Qd2 b5 12. a3 Nbd7 13. 0-0-0 Qc7 14. f4 Bb7 15. Bg2 Rc8 16. Rge1 Nb6 17. e5 dxe5 18. fxe5 Nfd7 19. Bxb7 Qxb7 20. Qd3 g6 21. Nxe6 Rxc3 22. bxc3 Bxa3+ 23. Kb1 fxe6 24. Qxg6+ Rf7 25. Qxe6+ Be7 26. Rf1 Nxe5 27. Qxe5 Nc4 28. Qh8+ Rf8 29. Rxf8+ Bxf8 30. Rd8+ Kf7 31. Rxf8+ Ke6 32. Qf6+ Kd5 33. Rd8+ Ke4 34. Qf4# 1-0

[Event "Voronezh op-A 23rd"]
[Site "Voronezh"]
[Date "2019.06.20"]
[Round "8"]
[White "Yeritsyan, Aram"]
[Black "Savitha Shri, B."]
[Result "1/2-1/2"]
[WhiteElo "2352"]
[BlackElo "2144"]
[PlyCount "81"]
[EventDate "2019.06.12"]
[EventType "swiss"]
[EventRounds "9"]
[EventCountry "RUS"]
[SourceTitle "EXT 2020"]
[Source "ChessBase"]
[SourceDate "2019.10.17"]
[SourceVersion "1"]
[SourceVersionDate "2019.10.17"]
[SourceQuality "1"]

1. e4 c5 2. Nf3 d6 3. d4 cxd4 4. Nxd4 Nf6 5. Nc3 a6 6. Bg5 e6 7. Qe2 Be7 8. 0-0-0 Qc7 9. f4 b5 10. a3 Bb7 11. g4 Nc6 12. Nxc6 Bxc6 13. Bg2 Rc8 14. Bxf6 Bxf6 15. Nd5 Bxd5 16. exd5 0-0 17. dxe6 fxe6 18. Qxe6+ Kh8 19. Be4 b4 20. g5 Bxb2+ 21. Kxb2 Qc3+ 22. Ka2 Qxa3+ 23. Kb1 b3 24. Qxb3 Rb8 25. Bb7 Qxb3+ 26. cxb3 Rxb7 27. Ka2 Rxf4 28. Rxd6 g6 29. Rxa6 Kg7 30. Rb1 h6 31. gxh6+ Kxh6 32. Ra4 Rf2+ 33. Rb2 Rbf7 34. b4 Rxb2+ 35. Kxb2 Rf2+ 36. Kc3 Rxh2 37. b5 Kg5 38. b6 Rh8 39. Kd4 Rh4+ 40. Kc5 Rxa4 41. b7 1/2-1/2

[Event "Voronezh op-A 23rd"]
[Site "Voronezh"]
[Date "2019.06.15"]
[Round "4"]
[White "Yeritsyan, Aram"]
[Black "Fedorov, Alexei"]
[Result "0-1"]
[WhiteElo "2352"]
[BlackElo "2553"]
[PlyCount "90"]
[EventDate "2019.06.12"]
[EventType "swiss"]
[EventRounds "9"]
[EventCountry "RUS"]
[SourceTitle "CBM 191 Extra"]
[Source "ChessBase"]
[SourceDate "2019.09.30"]
[SourceVersion "1"]
[SourceVersionDate "2019.09.30"]
[SourceQuality "1"]

1. e4 c5 2. Nf3 Nc6 3. Nc3 e5 4. Bc4 Be7 5. d3 d6 6. Nd2 Nf6 7. Nf1 0-0 8. Ne3 Nd7 9. Ncd5 Nb6 10. Nxb6 axb6 11. 0-0 Bg5 12. c3 Kh8 13. Nd5 Bxc1 14. Qxc1 Be6 15. a4 Ne7 16. Nxe7 Qxe7 17. f4 Bxc4 18. dxc4 f5 19. Qc2 Rae8 20. fxe5 f4 21. exd6 Qxd6 22. Rad1 Qg6 23. Qd2 f3 24. Rde1 h6 25. e5 Rf5 26. Rf2 fxg2 27. Rxf5 Qxf5 28. Qd5 Rf8 29. Qxg2 Qe6 30. Qxb7 Qxc4 31. e6 Qxa4 32. e7 Re8 33. Qd5 Qf4 34. Rf1 Qe3+ 35. Kh1 Qxe7 36. Qf3 Qe2 37. b4 cxb4 38. cxb4 Qxf3+ 39. Rxf3 Re4 40. Rb3 b5 41. Kg2 Kh7 42. Kf3 Rc4 43. Kg3 h5 44. Kf3 Kh6 45. Kg3 g5 0-1

[Event "Voronezh op-A 23rd"]
[Site "Voronezh"]
[Date "2019.06.13"]
[Round "2"]
[White "Yeritsyan, Aram"]
[Black "Afanasiev, Nikita"]
[Result "0-1"]
[WhiteElo "2352"]
[BlackElo "2524"]
[PlyCount "142"]
[EventDate "2019.06.12"]
[EventType "swiss"]
[EventRounds "9"]
[EventCountry "RUS"]
[SourceTitle "CBM 191 Extra"]
[Source "ChessBase"]
[SourceDate "2019.09.30"]
[SourceVersion "1"]
[SourceVersionDate "2019.09.30"]
[SourceQuality "1"]

1. e4 c5 2. Nf3 b6 3. c4 Bb7 4. Nc3 e6 5. d4 cxd4 6. Nxd4 a6 7. a3 Qc7 8. Be3 Nf6 9. f3 d6 10. Be2 Nbd7 11. Qd2 Be7 12. Rc1 0-0 13. 0-0 Rac8 14. Rfd1 Qb8 15. b4 Rfe8 16. Nb3 d5 17. cxd5 Bd6 18. dxe6 Bxh2+ 19. Kh1 Rxe6 20. Nd4 Rd6 21. f4 Bg3 22. e5 Nxe5 23. fxe5 Bxe5 24. Qe1 Re8 25. Qf2 Rd7 26. Qf5 Bg3 27. Nc2 Rde7 28. Rd3 Bc8 29. Qf1 Ng4 30. Bxg4 Bxg4 31. Bg5 Re6 32. Ne3 Bh5 33. Nf5 Re1 34. Rxe1 Rxe1 35. Qxe1 Bxe1 36. Ne7+ Kf8 37. Nc6 Qc8 38. Rd8+ Qxd8 39. Bxd8 Bxc3 40. Bxb6 f6 41. Bc5+ Ke8 42. a4 Bd1 43. a5 Bb3 44. Nd4 Bd5 45. Kg1 h5 46. g3 Be1 47. Kh2 Kd7 48. Kh3 g5 49. Nc2 Bd2 50. Nd4 Bc3 51. Kh2 Be4 52. Kg1 Be1 53. Kh2 f5 54. Bf8 f4 55. gxf4 gxf4 56. Nb3 Kc6 57. Bc5 h4 58. Nd4+ Kd5 59. Ne2 f3 60. Nf4+ Kc4 61. Nh3 Bxb4 62. Bf2 Be7 63. Be1 Kd3 64. Bf2 Bf5 65. Ng1 Bg4 66. Kh1 Bg5 67. Kh2 Bf4+ 68. Kh1 Bg3 69. Bb6 f2 70. Bxf2 Bxf2 71. Nh3 Bxh3 0-1

[Event "Titled Tuesday intern op 4th June"]
[Site "Chess.com INT"]
[Date "2019.06.04"]
[Round "1"]
[White "Drygalov, Andrey"]
[Black "Yeritsyan, Aram"]
[Result "1-0"]
[WhiteElo "2494"]
[BlackElo "2352"]
[PlyCount "53"]
[EventDate "2019.06.04"]
[EventType "swiss (blitz)"]
[EventRounds "10"]
[EventCountry "USA"]
[SourceTitle "EXT 2021"]
[Source "ChessBase"]
[SourceDate "2020.10.23"]
[SourceVersion "1"]
[SourceVersionDate "2020.10.23"]
[SourceQuality "1"]

1. e4 e5 2. Nf3 Nc6 3. Bc4 Bc5 4. c3 Nf6 5. d3 d6 6. 0-0 a6 7. a4 0-0 8. h3 Ba7 9. Nbd2 Ne7 10. Re1 Ng6 11. Nf1 c6 12. Bb3 Be6 13. Bc2 Re8 14. d4 Qc7 15. Ng3 Rad8 16. Be3 exd4 17. Nxd4 Bc8 18. a5 Qb8 19. Bb3 d5 20. exd5 Nxd5 21. Bxd5 cxd5 22. Ndf5 Bxe3 23. Nxe3 Qf4 24. Ra4 Qg5 25. Rd4 Nf4 26. Qf3 Be6 27. Qxf4 1-0

[Event "Titled Tuesday intern op 4th June"]
[Site "Chess.com INT"]
[Date "2019.06.04"]
[Round "2"]
[White "Yeritsyan, Aram"]
[Black "Bujisho, Benjamin"]
[Result "1-0"]
[WhiteElo "2352"]
[BlackElo "2327"]
[PlyCount "91"]
[EventDate "2019.06.04"]
[EventType "swiss (blitz)"]
[EventRounds "10"]
[EventCountry "USA"]
[SourceTitle "EXT 2021"]
[Source "ChessBase"]
[SourceDate "2020.10.23"]
[SourceVersion "1"]
[SourceVersionDate "2020.10.23"]
[SourceQuality "1"]

1. e4 c5 2. Nf3 d6 3. d4 cxd4 4. Nxd4 Nf6 5. Nc3 g6 6. Be3 Bg7 7. f3 0-0 8. Qd2 Nc6 9. 0-0-0 d5 10. Qe1 e5 11. Nxc6 bxc6 12. exd5 Nxd5 13. Bc4 Be6 14. Kb1 Rb8 15. Ne4 f5 16. Ng5 Bc8 17. Bxa7 Rb7 18. Bc5 Qxg5 19. Rxd5 cxd5 20. Bxd5+ Rbf7 21. Bxf8 Kxf8 22. Bxf7 Kxf7 23. Qe2 Qe7 24. Rd1 Be6 25. a4 g5 26. a5 Qb4 27. Qd2 Qb5 28. Qd8 e4 29. Qc7+ Kg6 30. Qb6 Qc4 31. fxe4 Qa2+ 32. Kc1 fxe4 33. Rd6 Kf7 34. a6 Qa1+ 35. Kd2 Bxb2 36. Qc7+ Kf6 37. a7 Qc1+ 38. Ke2 Qg1 39. Rxe6+ Kxe6 40. Qc4+ Kf5 41. Qd5+ Be5 42. Qf7+ Kg4 43. a8Q Qxg2+ 44. Qf2 Qf3+ 45. Qxf3+ exf3+ 46. Qxf3+ 1-0

[Event "RUS-chT2"]
[Site "Sochi"]
[Date "2019.05.07"]
[Round "6.4"]
[White "Yeritsyan, Aram"]
[Black "Savitskiy, Sergey"]
[Result "0-1"]
[WhiteElo "2299"]
[BlackElo "2411"]
[PlyCount "86"]
[EventDate "2019.05.01"]
[EventType "team-swiss"]
[EventRounds "9"]
[EventCountry "RUS"]
[SourceTitle "CBM 190 Extra"]
[Source "ChessBase"]
[SourceDate "2019.07.15"]
[SourceVersion "1"]
[SourceVersionDate "2019.07.15"]
[SourceQuality "1"]
[WhiteTeam "Moscow Botvinnik School"]
[BlackTeam "Yamal Region"]
[WhiteTeamCountry "RUS"]
[BlackTeamCountry "RUS"]

1. e4 c5 2. Nf3 d6 3. d4 cxd4 4. Nxd4 Nf6 5. Nc3 a6 6. Nb3 e6 7. g4 b5 8. g5 b4 9. Nd5 Nxe4 10. Be3 Nc5 11. Nxb4 Bb7 12. Rg1 Nbd7 13. Nd3 Nxd3+ 14. Bxd3 Ne5 15. Be2 Rc8 16. f4 Nc4 17. Bxc4 Rxc4 18. Qd3 Qc7 19. c3 Be4 20. Qe2 Bg6 21. Nd4 Be7 22. f5 Bxf5 23. Nxf5 exf5 24. Rf1 Re4 25. Rxf5 Qd7 26. Rf4 Re5 27. h4 Qe6 28. Kd2 0-0 29. Qf3 d5 30. b3 Bd6 31. Bd4 Re2+ 32. Qxe2 Bxf4+ 33. Kd1 Qf5 34. b4 h6 35. gxh6 Bxh6 36. a4 Ra8 37. h5 f6 38. b5 Kf7 39. bxa6 Rb8 40. Rc1 Bxc1 41. a7 Rb1 42. Qe8+ Kxe8 43. a8Q+ Kf7 0-1

[Event "Moscow-ch final"]
[Site "Moscow"]
[Date "2019.04.07"]
[Round "9"]
[White "Yeritsyan, Aram"]
[Black "Kozionov, Kirill"]
[Result "0-1"]
[WhiteElo "2325"]
[BlackElo "2458"]
[PlyCount "132"]
[EventDate "2019.03.30"]
[EventType "swiss"]
[EventRounds "9"]
[EventCountry "RUS"]
[SourceTitle "CBM 189 Extra"]
[Source "ChessBase"]
[SourceDate "2019.06.03"]
[SourceVersion "1"]
[SourceVersionDate "2019.06.03"]
[SourceQuality "1"]

1. e4 e5 2. Bc4 Nc6 3. Nc3 Nf6 4. d3 Na5 5. Qf3 d6 6. a4 Nxc4 7. dxc4 Be7 8. Nge2 0-0 9. 0-0 Bg4 10. Qd3 c6 11. Ng3 Qa5 12. Bd2 Qc7 13. Bg5 Rad8 14. f4 d5 15. cxd5 cxd5 16. Bxf6 dxe4 17. Qxe4 Bxf6 18. f5 Qb6+ 19. Kh1 Rd4 20. Qe3 Qxb2 21. h3 Qxc2 22. Rac1 Rd3 23. Rxc2 Rxe3 24. Nce4 Bh4 25. Kh2 Bh5 26. Rc4 Bxg3+ 27. Nxg3 Rxg3 28. Kxg3 Be2 29. Rfc1 Bxc4 30. Rxc4 Rb8 31. Rc7 f6 32. a5 a6 33. Kf3 h6 34. Kg4 Kh7 35. h4 b6 36. axb6 Rxb6 37. Kh5 e4 38. Re7 Rb5 39. Rxe4 Rxf5+ 40. Kg4 Rb5 41. Re7 h5+ 42. Kf3 Rb3+ 43. Kf2 Ra3 44. Ra7 Kh6 45. g3 a5 46. Ra6 Kg6 47. Ra7 Ra1 48. Kf3 Ra2 49. Ke3 a4 50. Kf3 Ra1 51. Kg2 a3 52. Kf3 Ra2 53. Ke3 Kf5 54. Rxg7 Rb2 55. Kf3 Rb3+ 56. Kg2 Ke4 57. g4 Rb2+ 58. Kg3 Rb3+ 59. Kg2 hxg4 60. Rxg4+ Kd3 61. h5 a2 62. Ra4 Rb2+ 63. Kg3 Kc2 64. Ra6 Rb3+ 65. Kg4 Kb2 66. h6 a1Q 0-1

[Event "Moscow Aeroflot op-B 18th"]
[Site "Moscow"]
[Date "2019.02.24"]
[Round "6"]
[White "Spichkin, Alexander"]
[Black "Yeritsyan, Aram"]
[Result "1/2-1/2"]
[WhiteElo "2166"]
[BlackElo "2325"]
[PlyCount "148"]
[EventDate "2019.02.20"]
[EventType "swiss"]
[EventRounds "9"]
[EventCountry "RUS"]
[SourceTitle "CBM 189 Extra"]
[Source "ChessBase"]
[SourceDate "2019.06.03"]
[SourceVersion "1"]
[SourceVersionDate "2019.06.03"]
[SourceQuality "1"]

1. d4 Nf6 2. Bg5 e6 3. Nd2 h6 4. Bh4 d5 5. e3 Be7 6. Bd3 Nbd7 7. f4 c5 8. c3 b6 9. Ngf3 Bb7 10. Ne5 Nxe5 11. fxe5 Nd7 12. Bxe7 Qxe7 13. 0-0 0-0-0 14. a4 f5 15. a5 c4 16. Bc2 b5 17. b3 cxb3 18. Nxb3 a6 19. Bd3 Kb8 20. Qd2 Ka7 21. Nc1 Rc8 22. Be2 h5 23. Nd3 g5 24. Nb4 h4 25. Rfc1 Nb8 26. Nd3 Bc6 27. Qb2 Be8 28. Rab1 Bh5 29. Bf1 h3 30. g3 Bf3 31. Nb4 Qd7 32. Qa2 Qe7 33. Bd3 Rc7 34. Rb2 Rhc8 35. Rf2 g4 36. Rb2 Qf8 37. Qb3 Rb7 38. Qa3 Qe7 39. Rb3 Qd8 40. Rcb1 Be4 41. R1b2 Rc4 42. Bf1 Qc8 43. Kf2 Nc6 44. Nd3 Bxd3 45. Bxd3 Ne7 46. Ke1 Ra4 47. Qxa4 bxa4 48. Rxb7+ Qxb7 49. Rxb7+ Kxb7 50. Kd1 Nc6 51. c4 Nb4 52. Be2 a3 53. Kc1 a2 54. Kb2 dxc4 55. Bxc4 Nc2 56. Kxa2 Nxe3 57. Bd3 Ng2 58. d5 f4 59. dxe6 Kc7 60. Bf5 Kd8 61. Bxg4 fxg3 62. Bxh3 Nf4 63. hxg3 Nxh3 64. Kb3 Ng5 65. Kc4 Nxe6 66. Kd5 Kd7 67. g4 Ng5 68. Kc5 Nf3 69. Kb6 Nxe5 70. Kxa6 Nc4 71. Kb5 Nxa5 72. Kxa5 Ke6 73. g5 Kf5 74. g6 Kxg6 1/2-1/2

[Event "Marianske Lazne GM-A2 18th"]
[Site "Marianske Lazne"]
[Date "2019.01.21"]
[Round "3"]
[White "Yeritsyan, Aram"]
[Black "Bhakti, Kulkarni"]
[Result "0-1"]
[WhiteElo "2349"]
[BlackElo "2303"]
[PlyCount "71"]
[EventDate "2019.01.19"]
[EventType "tourn"]
[EventRounds "9"]
[EventCountry "CZE"]
[EventCategory "7"]
[SourceTitle "CBM 188 Extra"]
[Source "ChessBase"]
[SourceDate "2019.02.26"]
[SourceVersion "1"]
[SourceVersionDate "2019.02.26"]
[SourceQuality "1"]

1. e4 e5 2. Nf3 Nc6 3. Nc3 Nf6 4. Be2 Be7 5. 0-0 0-0 6. d4 exd4 7. Nxd4 d6 8. Bf4 Ne5 9. Bg3 Re8 10. f4 Ng6 11. Bf3 Bf8 12. Qd2 c6 13. Rae1 Bg4 14. Bxg4 Nxg4 15. Kh1 Qb6 16. Nb3 Rad8 17. h3 Nf6 18. Bf2 Qc7 19. a4 d5 20. e5 Nd7 21. Nd4 Nb6 22. Bg3 Nc4 23. Qc1 Bc5 24. Nf5 Qc8 25. Nh4 Be3 26. Rxe3 Nxe3 27. Qxe3 d4 28. Qe4 dxc3 29. bxc3 Nxh4 30. Bxh4 Rd5 31. Qe3 Ra5 32. Qd4 Qe6 33. Bg3 Qd5 34. Qb4 Rc5 35. Qxb7 Rxc3 36. Rf2 0-1

[Event "Wch Blitz"]
[Site "St Petersburg"]
[Date "2018.12.30"]
[Round "17"]
[White "Shinkevich, Vitaly"]
[Black "Yeritsyan, Aram"]
[Result "1-0"]
[WhiteElo "2439"]
[BlackElo "2372"]
[PlyCount "79"]
[EventDate "2018.12.29"]
[EventType "swiss (blitz)"]
[EventRounds "21"]
[EventCountry "RUS"]
[SourceTitle "CBM 187 Extra"]
[Source "ChessBase"]
[SourceDate "2018.11.04"]
[SourceVersion "1"]
[SourceVersionDate "2018.11.04"]
[SourceQuality "1"]

1. d4 Nf6 2. Nf3 e6 3. c4 Bb4+ 4. Nbd2 a5 5. g3 b6 6. Bg2 Bb7 7. 0-0 0-0 8. a3 Bxd2 9. Qxd2 d6 10. b3 Nbd7 11. Bb2 Qe7 12. Rad1 Be4 13. Bh3 Rfd8 14. Nh4 c5 15. f3 Bb7 16. d5 exd5 17. Nf5 Qf8 18. cxd5 Bxd5 19. Qg5 Be6 20. e4 Bxf5 21. Bxf5 Ne5 22. f4 h6 23. Qh4 Ng6 24. Qh3 Ra7 25. Rde1 Ne7 26. e5 dxe5 27. fxe5 Nh7 28. Bb1 Ng5 29. Qg4 Qe8 30. e6 f6 31. h4 Nh7 32. Bxf6 Nxf6 33. Rxf6 Rd4 34. Rf4 Rxf4 35. Qxf4 Nd5 36. Qd6 Nf6 37. e7 Kf7 38. h5 Kg8 39. Bg6 Qd7 40. e8Q+ 1-0

[Event "Wch Blitz"]
[Site "St Petersburg"]
[Date "2018.12.29"]
[Round "12"]
[White "Yeritsyan, Aram"]
[Black "Sanikidze, Tornike"]
[Result "0-1"]
[WhiteElo "2372"]
[BlackElo "2507"]
[PlyCount "60"]
[EventDate "2018.12.29"]
[EventType "swiss (blitz)"]
[EventRounds "21"]
[EventCountry "RUS"]
[SourceTitle "CBM 187 Extra"]
[Source "ChessBase"]
[SourceDate "2018.11.04"]
[SourceVersion "1"]
[SourceVersionDate "2018.11.04"]
[SourceQuality "1"]

1. e4 c5 2. Nf3 d6 3. d4 cxd4 4. Nxd4 Nf6 5. Nc3 Nc6 6. Bg5 e6 7. Qd2 Bd7 8. 0-0-0 a6 9. f4 h6 10. Bh4 g5 11. fxg5 Ng4 12. Be2 Nge5 13. Kb1 Be7 14. Rhf1 hxg5 15. Bg3 Qc7 16. Nxc6 Bxc6 17. Qe3 f6 18. h3 0-0-0 19. Bxe5 dxe5 20. Bg4 Bd7 21. Qa7 Bc5 22. Qa8+ Qb8 23. Qxb8+ Kxb8 24. Rxf6 Rhe8 25. Ne2 Bc6 26. Ng3 Be3 27. Rff1 Bf4 28. Nh5 Bxe4 29. Bxe6 Rxd1+ 30. Rxd1 Rxe6 0-1